00461nam a2200169Ia 450000500170000000800410001702000180005804100080007608200150008410000140009924500420011326000450015530000090020050000290020965000390023870000140027720251121155730.0230125s9999 xx 000 0 und d a0-19-806621-X aeng a158.1bMIT aMitra B K aPersonality Development & Soft Skills c2012bOxford University PressaNew Delhi a258p aPersonality Development  aSoft skill;Personality Development aMitra B K